[Event "VEN-ch"]
[Site "Barquisimeto"]
[Date "2019.04.17"]
[Round "7"]
[White "Arias Serrano, Luis Antonio"]
[Black "Benito Colmenares, Jose Fabian"]
[Result "0-1"]
[WhiteElo "2128"]
[BlackElo "2143"]
[PlyCount "38"]
[EventDate "2019.04.13"]
[EventType "swiss"]
[EventRounds "9"]
[EventCountry "VEN"]
[SourceTitle "CBM 189 Extra"]
[Source "ChessBase"]
[SourceDate "2019.05.31"]
[SourceVersion "1"]
[SourceVersionDate "2019.05.31"]
[SourceQuality "1"]

1. Nf3 Nc6 2. d4 d5 3. c4 Bg4 4. Nc3 Bxf3 5. exf3 Nf6 6. cxd5 Nxd5 7. Bb5 Qd6 8. 0-0 0-0-0 9. Ne4 Qg6 10. Be3 e5 11. Bxc6 Qxc6 12. Qb3 f5 13. Rfe1 Qb6 14. Nc3 exd4 15. Bg5 Qxb3 16. axb3 dxc3 17. Rxa7 Be7 18. Bxe7 cxb2 19. Rb1 Nxe7 0-1

[Event "VEN-ch"]
[Site "Barquisimeto"]
[Date "2019.04.16"]
[Round "5"]
[White "Benito Colmenares, Jose Fabian"]
[Black "Marin Ramirez, Gerardo"]
[Result "1/2-1/2"]
[WhiteElo "2143"]
[BlackElo "2235"]
[PlyCount "66"]
[EventDate "2019.04.13"]
[EventType "swiss"]
[EventRounds "9"]
[EventCountry "VEN"]
[SourceTitle "CBM 189 Extra"]
[Source "ChessBase"]
[SourceDate "2019.05.31"]
[SourceVersion "1"]
[SourceVersionDate "2019.05.31"]
[SourceQuality "1"]

1. e4 c5 2. Nf3 Nc6 3. d4 cxd4 4. Nxd4 Nf6 5. Nc3 d6 6. Bg5 e6 7. Qd2 a6 8. 0-0-0 h6 9. Be3 Be7 10. f3 Bd7 11. g4 Nxd4 12. Bxd4 Qa5 13. Kb1 e5 14. Be3 Be6 15. Nd5 Qxd2 16. Rxd2 Nxd5 17. exd5 Bd7 18. h4 g6 19. Rg2 Bf6 20. f4 Kf8 21. Be2 exf4 22. Bxf4 Be5 23. Rf2 Kg7 24. Bxe5+ dxe5 25. Rhf1 Rhf8 26. g5 hxg5 27. hxg5 Rad8 28. b3 Bf5 29. Rxf5 gxf5 30. Rxf5 e4 31. g6 e3 32. Rxf7+ Rxf7 33. gxf7 Kxf7 1/2-1/2

[Event "VEN-ch"]
[Site "Barquisimeto"]
[Date "2019.04.14"]
[Round "2"]
[White "Benito Colmenares, Jose Fabian"]
[Black "Hernandez, Oscar"]
[Result "0-1"]
[WhiteElo "2143"]
[BlackElo "1990"]
[PlyCount "82"]
[EventDate "2019.04.13"]
[EventType "swiss"]
[EventRounds "9"]
[EventCountry "VEN"]
[SourceTitle "CBM 189 Extra"]
[Source "ChessBase"]
[SourceDate "2019.05.31"]
[SourceVersion "1"]
[SourceVersionDate "2019.05.31"]
[SourceQuality "1"]

1. e4 c5 2. Nf3 Nc6 3. d4 cxd4 4. Nxd4 e5 5. Nb5 a6 6. Nd6+ Bxd6 7. Qxd6 Qf6 8. Qd2 Qg6 9. Nc3 d5 10. Nxd5 Qxe4+ 11. Ne3 Be6 12. Bd3 Qf4 13. 0-0 Nge7 14. c3 Rd8 15. Qc2 Qf6 16. a4 g6 17. a5 0-0 18. Ra4 Qg7 19. Bc4 Bxc4 20. Nxc4 Nd5 21. Qb3 f6 22. Ne3 Qf7 23. Ng4 Kh8 24. Nh6 Qc7 25. Qc4 b5 26. axb6 Nxb6 27. Qh4 Nxa4 28. Qxa4 Qb7 29. Be3 Ne7 30. Bc5 Kg7 31. Qh4 Rd7 32. b4 Qd5 33. Ng4 h5 34. Ne3 Qd3 35. Qh3 Rf7 36. Qe6 Nd5 37. Nxd5 Rxd5 38. f4 exf4 39. Rxf4 Re5 40. Rf3 Qd1+ 41. Rf1 Qxf1+ 0-1

[Event "VEN-ch"]
[Site "Barquisimeto"]
[Date "2019.04.13"]
[Round "1"]
[White "Brizuela Abreu, Ronald Jesus"]
[Black "Benito Colmenares, Jose Fabian"]
[Result "1-0"]
[WhiteElo "2392"]
[BlackElo "2143"]
[PlyCount "55"]
[EventDate "2019.04.13"]
[EventType "swiss"]
[EventRounds "9"]
[EventCountry "VEN"]
[SourceTitle "CBM 189 Extra"]
[Source "ChessBase"]
[SourceDate "2019.05.31"]
[SourceVersion "1"]
[SourceVersionDate "2019.05.31"]
[SourceQuality "1"]

1. d4 d5 2. c4 Nc6 3. Nc3 dxc4 4. d5 Na5 5. e4 e6 6. Bxc4 Nxc4 7. Qa4+ Bd7 8. Qxc4 exd5 9. exd5 Bd6 10. Nf3 Nf6 11. 0-0 0-0 12. Bg5 h6 13. Bh4 a6 14. Rfe1 Bf5 15. Re3 Rc8 16. Rd1 Bg6 17. Qd4 b5 18. a3 Rb8 19. Ne5 Bxe5 20. Rxe5 Rb6 21. Rde1 Rd6 22. Qc5 Qc8 23. Bxf6 Rxf6 24. Re7 c6 25. d6 Qb8 26. d7 Qd6 27. b4 Bc2 28. Re8 1-0

[Event "VEN-ch"]
[Site "Santo Domingo"]
[Date "2018.01.12"]
[Round "6"]
[White "Romero Barreto, Jaime Jose"]
[Black "Benito Colmenares, Jose Fabian"]
[Result "1/2-1/2"]
[WhiteElo "2228"]
[BlackElo "2157"]
[PlyCount "87"]
[EventDate "2018.01.09"]
[EventType "tourn"]
[EventRounds "11"]
[EventCountry "VEN"]
[SourceTitle "CBM 182 Extra"]
[Source "ChessBase"]
[SourceDate "2018.02.23"]
[SourceVersion "1"]
[SourceVersionDate "2018.02.23"]
[SourceQuality "1"]

1. e4 d5 2. exd5 Qxd5 3. Nc3 Qa5 4. d4 Nf6 5. Nf3 Bf5 6. Bd2 c6 7. Bc4 e6 8. Qe2 Qc7 9. 0-0-0 Nbd7 10. h3 0-0-0 11. g4 Bg6 12. Bb3 Bd6 13. Rhe1 a6 14. Kb1 c5 15. Be3 Rhe8 16. dxc5 Nxc5 17. Na4 Nfe4 18. Nh4 b5 19. Nxc5 Bxc5 20. Nxg6 hxg6 21. Rd3 Kb8 22. f3 Bxe3 23. Qxe3 Rxd3 24. cxd3 Nf6 25. Rc1 Qd6 26. a4 Rd8 27. Ka2 Qd4 28. Qe1 Rc8 29. Rxc8+ Kxc8 30. Qa5 bxa4 31. Qxa6+ Kd8 32. Bxa4 Nd5 33. Qd6+ Kc8 34. Bd7+ Kb7 35. Bc6+ Ka7 36. Qd7+ Kb6 37. Qb7+ Kc5 38. Bxd5 Qa4+ 39. Kb1 Qd1+ 40. Ka2 Qa4+ 41. Kb1 Qd1+ 42. Ka2 Qa4+ 43. Kb1 Qd1+ 44. Ka2 1/2-1/2

[Event "VEN-ch"]
[Site "Santo Domingo"]
[Date "2018.01.10"]
[Round "4"]
[White "Brizuela Abreu, Ronald Jesus"]
[Black "Benito Colmenares, Jose Fabian"]
[Result "1/2-1/2"]
[WhiteElo "2305"]
[BlackElo "2157"]
[PlyCount "46"]
[EventDate "2018.01.09"]
[EventType "tourn"]
[EventRounds "11"]
[EventCountry "VEN"]
[SourceTitle "CBM 182 Extra"]
[Source "ChessBase"]
[SourceDate "2018.02.23"]
[SourceVersion "1"]
[SourceVersionDate "2018.02.23"]
[SourceQuality "1"]

1. Nf3 d5 2. g3 Nf6 3. Bg2 e6 4. 0-0 Be7 5. b3 c5 6. Bb2 0-0 7. c4 Nc6 8. cxd5 Nxd5 9. Nc3 Nxc3 10. Bxc3 Qb6 11. Re1 Rd8 12. Qc1 f6 13. d3 e5 14. Nd2 Be6 15. Qb2 Rac8 16. Rac1 Nd4 17. Nc4 Qc7 18. Bd2 Qd7 19. Ne3 b6 20. Bc3 Bf8 21. Qd2 g6 22. Qb2 Bh6 23. Bd2 Bf8 1/2-1/2

[Event "VEN-ch"]
[Site "Santo Domingo"]
[Date "2018.01.09"]
[Round "2"]
[White "Benito Colmenares, Jose Fabian"]
[Black "Pacheco Lugo, Alejandro Jose"]
[Result "0-1"]
[WhiteElo "2157"]
[BlackElo "2190"]
[PlyCount "35"]
[EventDate "2018.01.09"]
[EventType "tourn"]
[EventRounds "11"]
[EventCountry "VEN"]
[SourceTitle "CBM 182 Extra"]
[Source "ChessBase"]
[SourceDate "2018.02.23"]
[SourceVersion "1"]
[SourceVersionDate "2018.02.23"]
[SourceQuality "1"]

1. e4 e6 2. d4 d5 3. Nd2 Be7 4. c3 c5 5. Ngf3 Nf6 6. e5 Nfd7 7. Bd3 Nc6 8. Bc2 b6 9. h4 cxd4 10. cxd4 Nb4 11. Bb1 Ba6 12. Nf1 Qc7 13. a3 Rc8 14. axb4 Bxf1 15. Bd2 Bb5 16. Bc3 Nb8 17. Bd3 Bxd3 18. Qxd3 0-1

[Event "Valera FVA 82nd Anniv"]
[Site "Valera"]
[Date "2017.12.16"]
[Round "7"]
[White "Benito Colmenares, Jose Fabian"]
[Black "Otazo Sanchez, Annyd Gabriela"]
[Result "1-0"]
[WhiteElo "2201"]
[BlackElo "1958"]
[PlyCount "71"]
[EventDate "2017.12.13"]
[EventType "swiss"]
[EventRounds "7"]
[EventCountry "VEN"]
[SourceTitle "CBM 182 Extra"]
[Source "ChessBase"]
[SourceDate "2018.02.23"]
[SourceVersion "1"]
[SourceVersionDate "2018.02.23"]
[SourceQuality "1"]

1. e4 e5 2. Bc4 Nf6 3. d3 d5 4. exd5 Nxd5 5. Nf3 Bg4 6. 0-0 Nc6 7. Re1 Be7 8. c3 0-0 9. h3 Bh5 10. Nbd2 Nb6 11. Bb5 f6 12. Nf1 Qd5 13. c4 Qd7 14. Bxc6 bxc6 15. Nxe5 fxe5 16. Qxh5 Qxd3 17. Qxe5 Bb4 18. Qe2 Rad8 19. Qxd3 Rxd3 20. Re3 Rd1 21. Re2 Nxc4 22. b3 Bc3 23. Rb1 Ne5 24. Bb2 Rxb1 25. Bxc3 Nd3 26. g3 Rc1 27. Ba5 Rf5 28. Bxc7 Rd5 29. Kg2 Ne1+ 30. Kh2 Nf3+ 31. Kg2 Ne1+ 32. Kh2 Rdd1 33. Bf4 Ra1 34. g4 Nf3+ 35. Kg3 Nd4 36. Re4 1-0